[Event "24. Open Internacional de Gros 2014 "]
[Site "San Sebastián ESP"]
[Date "2014.09.22"]
[Round "3.7"]
[White "Zuloaga Erauskin, Markel"]
[Black "Pinilla Santibanez, Roberto"]
[Result "1/2-1/2"]
[WhiteElo "1543"]
[BlackElo "2037"]
[PlyCount "87"]
[EventDate "2014.09.21"]
[EventType "swiss"]
[EventRounds "8"]
[EventCountry "ESP"]
[Source "lmi"]
[SourceDate "2014.09.21"]

1. d4 d5 2. Nf3 Nf6 3. e3 e6 4. Bd3 c5 5. c3 Nc6 6. Nbd2 Be7 7. O-O Qc7 8. e4
cxd4 9. Nxd4 O-O 10. Re1 Rd8 11. Nxc6 Qxc6 12. e5 Nd7 13. Qh5 g6 14. Qh6 Bf8
15. Qh4 Re8 16. Nf3 Bg7 17. Bh6 Qc5 18. Bxg7 Kxg7 19. Re3 Qe7 20. Qg3 a6 21. h4
b5 22. h5 Rh8 23. Nh4 Nf8 24. Rf3 Bd7 25. Rf6 Be8 26. Re1 Rd8 27. Re3 d4 28.
Re4 dxc3 29. bxc3 Nd7 30. Rf3 Nc5 31. Rd4 Rxd4 32. cxd4 Nxd3 33. Rxd3 Bc6 34.
f4 Be4 35. Re3 Bf5 36. Nxf5+ exf5 37. d5 Qc5 38. d6 Qd4 39. h6+ Kxh6 40. Qg5+
Kg7 41. Qf6+ Kh6 42. Qg5+ Kg7 43. Qf6+ Kh6 44. Qg5+ 1/2-1/2

[Event "24. Open Internacional de Gros 2014 "]
[Site "San Sebastián ESP"]
[Date "2014.09.22"]
[Round "3.8"]
[White "Markina Amutxastegi, Fernando"]
[Black "Barrio Ugidos, Ibon"]
[Result "0-1"]
[WhiteElo "1782"]
[BlackElo "1936"]
[PlyCount "78"]
[EventDate "2014.09.21"]
[EventType "swiss"]
[EventRounds "8"]
[EventCountry "ESP"]
[Source "lmi"]
[SourceDate "2014.09.21"]

1. d4 d5 2. Nf3 Nf6 3. Bf4 c5 4. c3 Nc6 5. e3 Qb6 6. Qb3 c4 7. Qxb6 axb6 8.
Nbd2 b5 9. Be2 h6 10. h3 g5 11. Bg3 Bf5 12. Ne5 e6 13. f3 Bd6 14. O-O Bxe5 15.
Bxe5 Nxe5 16. dxe5 Nd7 17. f4 Rg8 18. Kh2 Nc5 19. g4 Bd3 20. Bxd3 Nxd3 21. b3
b4 22. bxc4 bxc3 23. Nb3 dxc4 24. Nd4 Ke7 25. Rfb1 Rgb8 26. Kg3 Kd7 27. Rb6 Ra6
28. Rab1 Rxa2 29. Rxb7+ Rxb7 30. Rxb7+ Ke8 31. Rb8+ Ke7 32. Rb7+ Kf8 33. f5 c2
34. f6 Kg8 35. Rb8+ Kh7 36. Rb7 c1=Q 37. Rxf7+ Kg8 38. Rg7+ Kh8 39. Nf3 Qxe3
0-1

[Event "24. Open Internacional de Gros 2014 "]
[Site "San Sebastián ESP"]
[Date "2014.09.22"]
[Round "3.9"]
[White "Cejudo Urdampilleta, Jose Manu"]
[Black "Orube Bona, Andoni"]
[Result "1-0"]
[WhiteElo "1917"]
[BlackElo "1779"]
[PlyCount "115"]
[EventDate "2014.09.21"]
[EventType "swiss"]
[EventRounds "8"]
[EventCountry "ESP"]
[Source "lmi"]
[SourceDate "2014.09.21"]

1. d4 Nf6 2. c4 e6 3. Nf3 b6 4. g3 Bb7 5. Bg2 Bb4+ 6. Bd2 Be7 7. Nc3 O-O 8. O-O
d6 9. Qc2 Nbd7 10. Rad1 Re8 11. e4 e5 12. dxe5 dxe5 13. Bg5 h6 14. Bxf6 Bxf6
15. Bh3 Re7 16. Nd5 Bxd5 17. Rxd5 Qe8 18. Rfd1 Nf8 19. R1d2 Qc6 20. b4 Ne6 21.
b5 Qe8 22. Bxe6 Rxe6 23. Qd1 Be7 24. R2d3 Bd6 25. Nh4 g6 26. Qg4 Kh7 27. Qd1
Qe7 28. Ng2 Rg8 29. Qd2 Rf6 30. Ne3 Qe6 31. Kg2 h5 32. Qe2 Bc5 33. Rxc5 bxc5
34. Nd5 c6 35. Nxf6+ Qxf6 36. Rf3 Qe6 37. bxc6 Rc8 38. Qb2 Rc7 39. Rb3 Rxc6 40.
Rb7 a6 41. Qc3 Kh6 42. Qf3 Kg7 43. Qc3 Kh6 44. h4 Qe8 45. Qe3+ Kg7 46. Qg5 Qe6
47. Re7 Qf6 48. Rxe5 Qxg5 49. hxg5 Kf8 50. f4 f6 51. gxf6 Kf7 52. Kh3 Kxf6 53.
Kh4 Rc7 54. Rd5 Rc6 55. g4 hxg4 56. Kxg4 Kf7 57. Kg5 Ke7 58. e5 1-0

[Event "24. Open Internacional de Gros 2014 "]
[Site "San Sebastián ESP"]
[Date "2014.09.22"]
[Round "3.10"]
[White "Lazkano Gaite, Tomas"]
[Black "Peteiro Osta, Luis Angel"]
[Result "0-1"]
[WhiteElo "1686"]
[BlackElo "1904"]
[PlyCount "117"]
[EventDate "2014.09.21"]
[EventType "swiss"]
[EventRounds "8"]
[EventCountry "ESP"]
[Source "lmi"]
[SourceDate "2014.09.21"]

1. d4 Nf6 2. Nf3 e6 3. c4 b6 4. b3 Bb7 5. Nbd2 Be7 6. Bb2 O-O 7. Qc2 c5 8. e3
cxd4 9. exd4 d5 10. Bd3 h6 11. O-O Nc6 12. a3 Rc8 13. Rac1 Re8 14. Ne5 Na5 15.
Ndf3 Ne4 16. b4 Nc6 17. Bxe4 dxe4 18. Qxe4 Nxe5 19. Qxb7 Nd3 20. Rb1 Rc7 21.
Qa6 Nxb2 22. Rxb2 Bf6 23. Rd2 Rd7 24. Rfd1 Qc7 25. h3 Red8 26. c5 Rd5 27. Qe2
a5 28. Qc4 axb4 29. axb4 Ra8 30. Qb5 Rb8 31. Qa6 bxc5 32. b5 cxd4 33. Nxd4 Bxd4
34. Rxd4 Rxd4 35. Rxd4 Qc1+ 36. Kh2 Qb2 37. Qa4 Qxb5 38. Rd8+ Kh7 39. Qc2+ g6
40. Rd2 Qe5+ 41. Kg1 h5 42. Rd7 Kg7 43. Rd1 Rb2 44. Qc1 Qf6 45. Qc5 Ra2 46. Rd3
Re2 47. Rd1 Qe5 48. Qb4 Qb2 49. Qc5 Qe5 50. Qb4 g5 51. h4 Re4 52. Qd2 Rxh4 53.
g3 Re4 54. Rf1 h4 55. Qd3 hxg3 56. fxg3 Re3 57. Qd2 Rxg3+ 58. Kh1 Qe4+ 59. Kh2
0-1

[Event "24. Open Internacional de Gros 2014 "]
[Site "San Sebastián ESP"]
[Date "2014.09.22"]
[Round "3.11"]
[White "Portugal Sarasola, Martin"]
[Black "Lucas Navas, Jose Manuel"]
[Result "0-1"]
[WhiteElo "1531"]
[BlackElo "1869"]
[PlyCount "92"]
[EventDate "2014.09.21"]
[EventType "swiss"]
[EventRounds "8"]
[EventCountry "ESP"]
[Source "lmi"]
[SourceDate "2014.09.21"]

1. d4 d5 2. Nf3 e6 3. Nc3 c5 4. e3 Nf6 5. Be2 Nc6 6. a3 a6 7. O-O c4 8. b4 Bd6
9. Bb2 O-O 10. Qd2 Bc7 11. Bd1 Qd6 12. Ne2 Ne4 13. Qc1 f5 14. c3 e5 15. Ng3
Nxg3 16. fxg3 e4 17. Ng5 h5 18. Nh3 h4 19. Nf4 hxg3 20. h3 Nd8 21. Bc2 Ne6 22.
Qe1 Nxf4 23. exf4 Qg6 24. Qe3 Kf7 25. Bc1 Bd8 26. Bd2 Bd7 27. Be1 Bh4 28. a4 b6
29. Rd1 Rh8 30. Rd2 Rh6 31. Re2 Rg8 32. Bd1 Ke7 33. Rb2 Qf6 34. Bxg3 g5 35.
fxg5 Bxg5 36. Bf4 Rhg6 37. Bxg5 Qxg5 38. Qxg5+ Rxg5 39. Rf4 Rg3 40. b5 axb5 41.
Kh2 bxa4 42. Bg4 Rxc3 43. Bxf5 Rf8 44. g4 Rb3 45. Rbf2 Bxf5 46. gxf5 a3 0-1

[Event "24. Open Internacional de Gros 2014 "]
[Site "San Sebastián ESP"]
[Date "2014.09.22"]
[Round "3.12"]
[White "Arrondo Carbonell, Pablo"]
[Black "Darrigues, Alain"]
[Result "0-1"]
[WhiteElo "1636"]
[BlackElo "1867"]
[PlyCount "86"]
[EventDate "2014.09.21"]
[EventType "swiss"]
[EventRounds "8"]
[EventCountry "ESP"]
[Source "lmi"]
[SourceDate "2014.09.21"]

1. e4 c5 2. Nc3 Nc6 3. g3 g6 4. Bg2 Bg7 5. d3 d6 6. Be3 e6 7. Qd2 Nge7 8. Bh6
Bxh6 9. Qxh6 Nd4 10. Qd2 Nec6 11. Nce2 Qa5 12. Qxa5 Nxa5 13. Nxd4 cxd4 14. Rc1
Bd7 15. Ne2 e5 16. c3 dxc3 17. Rxc3 b5 18. a3 Nc6 19. O-O Ke7 20. Rd1 Rhc8 21.
d4 Nxd4 22. Nxd4 Rxc3 23. bxc3 exd4 24. e5 Rc8 25. exd6+ Kxd6 26. Rxd4+ Ke7 27.
Rd3 Be6 28. Re3 Kd6 29. Kf1 Rc4 30. f4 Ra4 31. Rd3+ Kc5 32. Kf2 Rxa3 33. Bb7
Ra2+ 34. Kg1 a5 35. Re3 b4 36. cxb4+ axb4 37. Be4 Kd4 38. Re1 b3 39. Bb1 Rd2
40. Be4 b2 41. h4 Bf5 42. Bb1 Bxb1 43. Rxb1 Rc2 0-1

[Event "24. Open Internacional de Gros 2014 "]
[Site "San Sebastián ESP"]
[Date "2014.09.23"]
[Round "4.1"]
[White "Argandona Riveiro, Inigo"]
[Black "Segovia Sanchez, Antonio"]
[Result "1-0"]
[WhiteElo "2434"]
[BlackElo "2030"]
[PlyCount "119"]
[EventDate "2014.09.21"]
[EventType "swiss"]
[EventRounds "8"]
[EventCountry "ESP"]
[Source "lmi"]
[SourceDate "2014.09.21"]

1. c4 e5 2. g3 Nf6 3. Bg2 Nc6 4. Nc3 Bb4 5. Nd5 Bc5 6. e3 d6 7. Ne2 Bg4 8. h3
Bxe2 9. Qxe2 O-O 10. Nc3 Re8 11. d3 Bb6 12. O-O Qd7 13. a3 a5 14. b3 Rad8 15.
Bb2 Qf5 16. Rfd1 Nd7 17. Rab1 Qg6 18. Nd5 Nc5 19. b4 Ne6 20. Ba1 axb4 21. axb4
Rd7 22. Nxb6 cxb6 23. d4 exd4 24. exd4 Rde7 25. Qd2 Ng5 26. h4 Ne4 27. Qf4 b5
28. d5 Nb8 29. cxb5 Nd7 30. Bd4 Ndf6 31. Bxf6 Qxf6 32. Qxf6 Nxf6 33. Bf3 g6 34.
Rbc1 Kg7 35. Kf1 Ne4 36. Rd4 Nf6 37. Rdc4 Re5 38. Rc7 R8e7 39. b6 h5 40. Ra1
Ne8 41. Rc8 Nf6 42. Ra7 Nxd5 43. Bxd5 Rxd5 44. Rc7 Re6 45. Rcxb7 Rf6 46. Re7
Rb5 47. b7 d5 48. Ra5 Rfb6 49. Ra7 Rf6 50. Rd7 Kh7 51. b8=Q Rxb8 52. Rxf7+ Rxf7
53. Rxf7+ Kg8 54. Rf4 Kg7 55. Ke2 Rb6 56. Kd3 Rb5 57. Kc3 g5 58. hxg5 Kg6 59.
Rd4 Kxg5 60. Kb3 1-0

[Event "24. Open Internacional de Gros 2014 "]
[Site "San Sebastián ESP"]
[Date "2014.09.23"]
[Round "4.2"]
[White "Cruz, Cristhian"]
[Black "Cruz, Filemon"]
[Result "1-0"]
[WhiteElo "2569"]
[BlackElo "2442"]
[PlyCount "51"]
[EventDate "2014.09.21"]
[EventType "swiss"]
[EventRounds "8"]
[EventCountry "ESP"]
[Source "lmi"]
[SourceDate "2014.09.21"]

1. c4 c5 2. Nc3 g6 3. g3 Bg7 4. Bg2 Nc6 5. Nf3 d6 6. O-O e5 7. a3 Nge7 8. Rb1
a5 9. d3 O-O 10. Bd2 f5 11. Ne1 Be6 12. Nc2 d5 13. cxd5 Nxd5 14. Ne3 Nde7 15.
Na4 b6 16. b4 axb4 17. axb4 cxb4 18. Bxb4 e4 19. Nxb6 Ra2 20. dxe4 Nxb4 21.
Rxb4 Nc6 22. exf5 Nxb4 23. fxe6 Rd2 24. Qb3 Rb2 25. Qc4 Kh8 26. Na4 1-0

[Event "24. Open Internacional de Gros 2014 "]
[Site "San Sebastián ESP"]
[Date "2014.09.23"]
[Round "4.3"]
[White "Del Rey, Diego"]
[Black "Kogan, Artur"]
[Result "1/2-1/2"]
[WhiteElo "2365"]
[BlackElo "2544"]
[PlyCount "31"]
[EventDate "2014.09.21"]
[EventType "swiss"]
[EventRounds "8"]
[EventCountry "ESP"]
[Source "lmi"]
[SourceDate "2014.09.21"]

1. d4 Nf6 2. Bg5 Ne4 3. Bf4 c5 4. f3 Nf6 5. dxc5 b6 6. e4 bxc5 7. e5 Qc7 8. Nc3
Nc6 9. Qd2 Nh5 10. Nb5 Qb8 11. Be3 Nxe5 12. Qa5 Nc6 13. Nc7+ Kd8 14. Ne6+ Ke8
15. Nc7+ Kd8 16. Ne6+ 1/2-1/2

[Event "24. Open Internacional de Gros 2014 "]
[Site "San Sebastián ESP"]
[Date "2014.09.23"]
[Round "4.4"]
[White "Olabe Odriozola, Eduardo"]
[Black "Lucas Navas, Jose Manuel"]
[Result "0-1"]
[WhiteElo "1974"]
[BlackElo "1869"]
[PlyCount "78"]
[EventDate "2014.09.21"]
[EventType "swiss"]
[EventRounds "8"]
[EventCountry "ESP"]
[Source "lmi"]
[SourceDate "2014.09.21"]

1. e4 c5 2. Nc3 a6 3. a4 e6 4. Bc4 Nc6 5. d3 Nge7 6. Bg5 h6 7. Qh5 Qb6 8. Rb1
Ng6 9. Be3 Nge5 10. Bb3 g6 11. Qh4 Be7 12. Qg3 Bd6 13. Bc1 Nd4 14. f4 Nec6 15.
Nge2 Nxb3 16. cxb3 Qxb3 17. O-O Qb6 18. Be3 Qc7 19. Qh3 b6 20. f5 Bb7 21. fxg6
fxg6 22. Rf6 O-O-O 23. Rxg6 Ne5 24. Rxh6 Rxh6 25. Qxh6 Ng4 26. Qh3 Nxe3 27.
Qxe3 Bxh2+ 28. Kf1 Rf8+ 29. Ke1 Rg8 30. Qf3 Qd6 31. Kd2 Rf8 32. Qg4 Bf4+ 33.
Kc2 Be5 34. Rh1 c4 35. dxc4 Bxc3 36. Nxc3 Rf2+ 37. Ne2 Qd4 38. Qg8+ Kc7 39.
Qg3+ e5 0-1

[Event "24. Open Internacional de Gros 2014 "]
[Site "San Sebastián ESP"]
[Date "2014.09.23"]
[Round "4.5"]
[White "Darrigues, Alain"]
[Black "Riesco Lecuona, Juan Manuel"]
[Result "0-1"]
[WhiteElo "1867"]
[BlackElo "1966"]
[PlyCount "78"]
[EventDate "2014.09.21"]
[EventType "swiss"]
[EventRounds "8"]
[EventCountry "ESP"]
[Source "lmi"]
[SourceDate "2014.09.21"]

1. d4 e6 2. c4 f5 3. Nf3 Nf6 4. g3 d5 5. Bg2 c6 6. O-O Bd6 7. b3 O-O 8. Ba3
Bxa3 9. Nxa3 Nbd7 10. Qc2 Ne4 11. Rad1 Rf6 12. Ne5 Nxe5 13. dxe5 Rh6 14. cxd5
exd5 15. Nc4 Qe7 16. Nd6 Qxe5 17. Nxc8 Rxc8 18. Bxe4 fxe4 19. f4 Qh5 20. e3 Rd8
21. Rf2 Rhd6 22. Qe2 Qf5 23. g4 Qf6 24. Kg2 c5 25. Kg3 Qc3 26. Kg2 a6 27. f5
Qf6 28. Rf4 Qh4 29. Qc2 b6 30. Qe2 Rh6 31. Rh1 Qh3+ 32. Kg1 Rh4 33. Kf2 h5 34.
gxh5 Rxf4+ 35. exf4 Qxf5 36. Kg3 d4 37. Qxa6 Rd6 38. Qa8+ Kh7 39. Qe8 Re6 0-1

[Event "24. Open Internacional de Gros 2014 "]
[Site "San Sebastián ESP"]
[Date "2014.09.23"]
[Round "4.6"]
[White "Izagirre Alsua, Aritz"]
[Black "Abalia Patino, Aritz"]
[Result "0-1"]
[WhiteElo "1954"]
[BlackElo "1824"]
[PlyCount "96"]
[EventDate "2014.09.21"]
[EventType "swiss"]
[EventRounds "8"]
[EventCountry "ESP"]
[Source "lmi"]
[SourceDate "2014.09.21"]

1. e4 c5 2. Nc3 Nc6 3. g3 g6 4. Bg2 Bg7 5. d3 d6 6. f4 e6 7. Nf3 Nge7 8. O-O
O-O 9. Be3 Nd4 10. Qd2 Nec6 11. Nd1 f5 12. Ne1 e5 13. fxe5 dxe5 14. c3 Ne6 15.
exf5 gxf5 16. Bh3 Ne7 17. Ng2 b6 18. Nh4 f4 19. Bxe6+ Bxe6 20. gxf4 Nd5 21. Ng2
Qf6 22. c4 Nxe3 23. Qxe3 exf4 24. Rxf4 Qg6 25. Qg3 Qxg3 26. hxg3 Bf5 27. Rxf5
Rxf5 28. Nf4 Be5 29. Ne3 Bd4 30. Kf2 Re8 31. Re1 Rfe5 32. Nfd5 Rf8+ 33. Kg2
Bxb2 34. a4 Bd4 35. Re2 Bxe3 36. Rxe3 Rxe3 37. Nxe3 Rf7 38. Nd5 Kf8 39. Nf4 Ke7
40. Kf3 Kd6 41. Ke3 Ke5 42. Ne2 Rf1 43. d4+ cxd4+ 44. Nxd4 Re1+ 45. Ne2 Rxe2+
46. Kxe2 Kd4 47. Kf3 Kxc4 48. Kg4 Kb4 0-1

[Event "24. Open Internacional de Gros 2014 "]
[Site "San Sebastián ESP"]
[Date "2014.09.23"]
[Round "4.8"]
[White "Cantabrana Garona, Alejandro"]
[Black "Cejudo Urdampilleta, Jose Manu"]
[Result "0-1"]
[WhiteElo "1787"]
[BlackElo "1917"]
[PlyCount "84"]
[EventDate "2014.09.21"]
[EventType "swiss"]
[EventRounds "8"]
[EventCountry "ESP"]
[Source "lmi"]
[SourceDate "2014.09.21"]

1. c4 Nf6 2. g3 d5 3. cxd5 Nxd5 4. Bg2 Nc6 5. Nc3 e6 6. a3 Be7 7. d4 O-O 8. e4
Nb6 9. Nge2 Nd7 10. O-O Rb8 11. Qc2 a6 12. Be3 Na5 13. Rfd1 Nc4 14. Bc1 b5 15.
b3 Ncb6 16. d5 e5 17. b4 Bd6 18. f3 Qe7 19. Be3 Bb7 20. Nb1 Nc4 21. Bf2 c6 22.
dxc6 Bxc6 23. Nd2 Ndb6 24. Nxc4 Nxc4 25. Nc3 Rfd8 26. Bf1 Rbc8 27. Bxc4 bxc4
28. Nd5 Bxd5 29. Rxd5 Bb8 30. Bc5 Ba7 31. Rad1 Rxd5 32. Rxd5 Bxc5+ 33. bxc5
Rxc5 34. Qd2 Rc8 35. Qc3 f6 36. Kg2 Qb7 37. Qb4 Qxb4 38. axb4 Rb8 39. Ra5 Rb6
40. Kf2 Rxb4 41. Rxa6 Rb2+ 42. Kg1 c3 0-1

[Event "24. Open Internacional de Gros 2014 "]
[Site "San Sebastián ESP"]
[Date "2014.09.23"]
[Round "4.9"]
[White "Peteiro Osta, Luis Angel"]
[Black "Gonzalez Larraz, Raul"]
[Result "1-0"]
[WhiteElo "1904"]
[BlackElo "1722"]
[PlyCount "83"]
[EventDate "2014.09.21"]
[EventType "swiss"]
[EventRounds "8"]
[EventCountry "ESP"]
[Source "lmi"]
[SourceDate "2014.09.21"]

1. e4 e5 2. Nc3 Nf6 3. Nf3 Nc6 4. d4 exd4 5. Nd5 Nxd5 6. exd5 Bb4+ 7. Bd2 Qe7+
8. Be2 d3 9. cxd3 Ne5 10. O-O Nxf3+ 11. Bxf3 Bxd2 12. Qxd2 O-O 13. Qc3 d6 14.
Rac1 Bf5 15. Rfe1 Qg5 16. Be4 Bg4 17. g3 f5 18. f4 Qf6 19. Bg2 Qxc3 20. Rxc3
Rfe8 21. Re6 Rxe6 22. dxe6 c6 23. Rb3 d5 24. Rxb7 Be2 25. Bf1 Bf3 26. Kf2 Bh5
27. Bh3 Bg6 28. Rc7 Rb8 29. b3 Kf8 30. Rxc6 Ke7 31. Bg2 Rd8 32. d4 Rd6 33. Rc7+
Kxe6 34. Rxa7 Rc6 35. Ke3 Rc3+ 36. Kd2 Rc6 37. Rxg7 Ra6 38. a4 Rb6 39. Kc3 Rc6+
40. Kb2 Rb6 41. Rc7 Be8 42. Rxh7 1-0

[Event "24. Open Internacional de Gros 2014 "]
[Site "San Sebastián ESP"]
[Date "2014.09.23"]
[Round "4.10"]
[White "Zubia Aramburu, Mikel"]
[Black "Tung, Siu Hung"]
[Result "0-1"]
[WhiteElo "1789"]
[BlackElo "1894"]
[PlyCount "60"]
[EventDate "2014.09.21"]
[EventType "swiss"]
[EventRounds "8"]
[EventCountry "ESP"]
[Source "lmi"]
[SourceDate "2014.09.21"]

1. c4 e5 2. Nc3 Nf6 3. g3 d6 4. Bg2 g6 5. Nf3 Bg7 6. d3 O-O 7. Bg5 h6 8. Bd2
Nc6 9. O-O Bd7 10. Rb1 Qc8 11. Re1 Bh3 12. Bh1 Ng4 13. b4 f5 14. Nd5 Qd7 15. b5
Ne7 16. Nh4 Kh7 17. Nxe7 Qxe7 18. Bxb7 Rab8 19. Bg2 Bxg2 20. Nxg2 e4 21. h3 Nf6
22. Ne3 Rbe8 23. d4 f4 24. Nc2 e3 25. Bxe3 fxe3 26. Nxe3 Ne4 27. Nd5 Qg5 28. h4
Qg4 29. e3 Rf3 30. Nf4 Nxf2 0-1

[Event "24. Open Internacional de Gros 2014 "]
[Site "San Sebastián ESP"]
[Date "2014.09.23"]
[Round "4.11"]
[White "Pinilla Santibanez, Roberto"]
[Black "Sanchez Merino, Christian"]
[Result "1-0"]
[WhiteElo "2037"]
[BlackElo "1656"]
[PlyCount "61"]
[EventDate "2014.09.21"]
[EventType "swiss"]
[EventRounds "8"]
[EventCountry "ESP"]
[Source "lmi"]
[SourceDate "2014.09.21"]

1. e4 g6 2. d4 Bg7 3. c4 c5 4. d5 d6 5. Nc3 Nh6 6. Be2 f5 7. Nf3 Bxc3+ 8. bxc3
Nf7 9. Bd3 Qa5 10. Qc2 fxe4 11. Bxe4 Nd7 12. Bf4 Nf6 13. Bd3 Bd7 14. O-O O-O-O
15. Rfe1 Rde8 16. Rab1 b6 17. Re2 Bg4 18. a4 Bxf3 19. gxf3 g5 20. Bg3 Nh5 21.
Bf5+ Kc7 22. Rb5 Qa6 23. Qb3 Nf4 24. Ra2 Ne5 25. a5 Nxf3+ 26. Kf1 Qb7 27. axb6+
axb6 28. Rb2 Rb8 29. Bxf4 gxf4 30. Qa4 Qa8 31. Rxc5+ 1-0

[Event "24. Open Internacional de Gros 2014 "]
[Site "San Sebastián ESP"]
[Date "2014.09.23"]
[Round "4.12"]
[White "Sanmateu Juan, Sergio"]
[Black "Bello Castano, Diego"]
[Result "0-1"]
[WhiteElo "1612"]
[BlackElo "1896"]
[PlyCount "82"]
[EventDate "2014.09.21"]
[EventType "swiss"]
[EventRounds "8"]
[EventCountry "ESP"]
[Source "lmi"]
[SourceDate "2014.09.21"]

1. e4 c6 2. d4 d5 3. exd5 cxd5 4. Bd3 Nc6 5. c3 Qc7 6. h3 h6 7. Nf3 Nf6 8. O-O
e6 9. Re1 Bd6 10. Qe2 O-O 11. Ne5 a6 12. Bf4 b5 13. Nd2 Bb7 14. b4 Rac8 15. Nb3
Ne4 16. Bxe4 dxe4 17. Nxc6 Bxf4 18. Nca5 Bd5 19. Nc5 Qd6 20. a4 f5 21. c4 bxc4
22. Nxc4 Qc6 23. Na5 Qe8 24. Qxa6 Qg6 25. Qf1 Bd2 26. Rab1 Bxe1 27. Rxe1 f4 28.
Nc4 e3 29. f3 Qg3 30. Ne5 Rf5 31. Kh1 Rxe5 32. dxe5 Bc4 33. Qg1 Rd8 34. Ne4 Qg6
35. Nd6 Bd5 36. Kh2 Qg3+ 37. Kh1 Qg5 38. Ne4 Qxe5 39. g3 Bxe4 40. fxe4 Qxe4+
41. Kh2 Rd2+ 0-1

[Event "24. Open Internacional de Gros 2014 "]
[Site "San Sebastián ESP"]
[Date "2014.09.24"]
[Round "5.1"]
[White "Argandona Riveiro, Inigo"]
[Black "Cruz, Cristhian"]
[Result "1/2-1/2"]
[WhiteElo "2434"]
[BlackElo "2569"]
[PlyCount "99"]
[EventDate "2014.09.21"]
[EventType "swiss"]
[EventRounds "8"]
[EventCountry "ESP"]
[Source "lmi"]
[SourceDate "2014.09.21"]

1. Nf3 Nf6 2. c4 b6 3. g3 Bb7 4. Bg2 c5 5. O-O g6 6. Nc3 Bg7 7. d4 cxd4 8. Qxd4
d6 9. Rd1 Nbd7 10. Be3 Rc8 11. Rac1 O-O 12. Qh4 a6 13. b3 Re8 14. Bh3 Rc7 15.
g4 Qa8 16. g5 Ne4 17. Na4 b5 18. cxb5 Rxc1 19. Rxc1 Ndc5 20. Bxc5 dxc5 21. b6
Qb8 22. Ne1 Be5 23. Bg2 Bf4 24. Bxe4 Bxc1 25. Bxb7 Qxb7 26. Nd3 Rd8 27. Qg3 Bd2
28. Ndxc5 Qc6 29. Qc7 Qxc7 30. bxc7 Rc8 31. Nxa6 Ba5 32. Nb2 Bxc7 33. Nxc7 Rxc7
34. Nc4 Rd7 35. f4 Kf8 36. Kf2 Rd1 37. Ke3 Ke8 38. a4 Kd7 39. Nd2 Kc6 40. Kd3
Kc5 41. Kc2 Re1 42. Ne4+ Kb4 43. Nc3 e6 44. Na2+ Kc5 45. Nc1 Rh1 46. Nd3+ Kd4
47. Ne5 Kc5 48. Nd3+ Kd4 49. Ne5 Kc5 50. Nd3+ 1/2-1/2

[Event "24. Open Internacional de Gros 2014 "]
[Site "San Sebastián ESP"]
[Date "2014.09.24"]
[Round "5.2"]
[White "Kogan, Artur"]
[Black "Cejudo Urdampilleta, Jose Manu"]
[Result "1-0"]
[WhiteElo "2544"]
[BlackElo "1917"]
[PlyCount "59"]
[EventDate "2014.09.21"]
[EventType "swiss"]
[EventRounds "8"]
[EventCountry "ESP"]
[Source "lmi"]
[SourceDate "2014.09.21"]

1. e4 e6 2. b3 b6 3. Bb2 Bb7 4. Qe2 Nc6 5. Nf3 Nf6 6. e5 Nd5 7. c4 Ndb4 8. d4
d5 9. exd6 Qxd6 10. a3 Na6 11. Nbd2 O-O-O 12. Qe3 f5 13. b4 f4 14. Qb3 Be7 15.
c5 Qd7 16. Bc4 Bf6 17. O-O Rhe8 18. Rad1 Bxd4 19. Nxd4 Nxd4 20. Bxd4 Qxd4 21.
c6 Bxc6 22. Bxa6+ Kb8 23. Qc2 Bxg2 24. Kxg2 f3+ 25. Kh1 Qd5 26. Ne4 Qa8 27. Bb5
c6 28. Rxd8+ Rxd8 29. Bxc6 Rc8 30. Rc1 1-0

[Event "24. Open Internacional de Gros 2014 "]
[Site "San Sebastián ESP"]
[Date "2014.09.24"]
[Round "5.3"]
[White "Lucas Navas, Jose Manuel"]
[Black "Del Rey, Diego"]
[Result "0-1"]
[WhiteElo "1869"]
[BlackElo "2365"]
[PlyCount "42"]
[EventDate "2014.09.21"]
[EventType "swiss"]
[EventRounds "8"]
[EventCountry "ESP"]
[Source "lmi"]
[SourceDate "2014.09.21"]

1. e4 c5 2. Nc3 e6 3. f4 d5 4. exd5 exd5 5. d4 c4 6. Nf3 Nf6 7. Bd2 Nc6 8. Qe2+
Be7 9. O-O-O O-O 10. h3 Re8 11. g4 Bb4 12. Qf2 Bxc3 13. Bxc3 Ne4 14. Qg1 Qd6
15. Qh2 Nxc3 16. bxc3 Re3 17. Re1 Qa3+ 18. Kd1 Rxe1+ 19. Nxe1 Qxc3 20. Qe2
Qxd4+ 21. Nd3 Bd7 0-1

[Event "24. Open Internacional de Gros 2014 "]
[Site "San Sebastián ESP"]
[Date "2014.09.24"]
[Round "5.4"]
[White "Berdote Alonso, Carlos"]
[Black "Guijarro Galan, Jose Luis"]
[Result "0-1"]
[WhiteElo "1821"]
[BlackElo "2189"]
[PlyCount "82"]
[EventDate "2014.09.21"]
[EventType "swiss"]
[EventRounds "8"]
[EventCountry "ESP"]
[Source "lmi"]
[SourceDate "2014.09.21"]

1. e4 c5 2. Nf3 a6 3. Nc3 e6 4. Be2 d5 5. exd5 exd5 6. d4 c4 7. O-O Nf6 8. b3
Bb4 9. Nb1 b5 10. Bg5 Be7 11. a4 Bb7 12. axb5 axb5 13. Rxa8 Bxa8 14. Nc3 b4 15.
Na4 c3 16. Bxf6 Bxf6 17. Bb5+ Kf8 18. Re1 Bc6 19. Qe2 g6 20. Ne5 Qd6 21. f4 Kg7
22. Nc5 Re8 23. Qd3 Bxb5 24. Qxb5 Nc6 25. Ncd3 Re6 26. Nxc6 Qxc6 27. Qxc6 Rxc6
28. Nxb4 Bxd4+ 29. Kf1 Rf6 30. Nxd5 Rf5 31. Nc7 Rxf4+ 32. Ke2 Rf2+ 33. Kd3 Rd2+
34. Kc4 Bf2 35. Rc1 Be3 36. Re1 Bf4 37. Nd5 Bxh2 38. Rc1 Rxg2 39. Kxc3 h5 40.
Kb4 Bd6+ 41. Kb5 Ba3 0-1

[Event "24. Open Internacional de Gros 2014 "]
[Site "San Sebastián ESP"]
[Date "2014.09.24"]
[Round "5.5"]
[White "Segovia Sanchez, Antonio"]
[Black "Abalia Patino, Aritz"]
[Result "1-0"]
[WhiteElo "2030"]
[BlackElo "1824"]
[PlyCount "71"]
[EventDate "2014.09.21"]
[EventType "swiss"]
[EventRounds "8"]
[EventCountry "ESP"]
[Source "lmi"]
[SourceDate "2014.09.21"]

1. d4 d5 2. c4 e6 3. Nc3 Nf6 4. Nf3 Nbd7 5. e3 c6 6. Bd2 Bd6 7. Bd3 O-O 8. O-O
Re8 9. Qc2 dxc4 10. Bxc4 c5 11. Nb5 Bf8 12. dxc5 Nxc5 13. Bc3 a6 14. Rfd1 Qb6
15. Nbd4 Qc7 16. Nb3 Bd6 17. Nxc5 Qxc5 18. Bd4 Qc7 19. Rac1 Bd7 20. Qd3 Bc6 21.
Bxf6 Bxh2+ 22. Nxh2 gxf6 23. Qd6 Qa5 24. Qf4 f5 25. Nf3 Bxf3 26. Qxf3 b5 27.
Qg3+ Kh8 28. Qe5+ Kg8 29. Bb3 Rad8 30. Qf6 Rd2 31. Rxd2 Qxd2 32. Rd1 Qe2 33.
Rd7 Qh5 34. Bxe6 Rf8 35. Bxf5 Rc8 36. Bc2 1-0

[Event "24. Open Internacional de Gros 2014 "]
[Site "San Sebastián ESP"]
[Date "2014.09.24"]
[Round "5.6"]
[White "Riesco Lecuona, Juan Manuel"]
[Black "Peteiro Osta, Luis Angel"]
[Result "1-0"]
[WhiteElo "1966"]
[BlackElo "1904"]
[PlyCount "89"]
[EventDate "2014.09.21"]
[EventType "swiss"]
[EventRounds "8"]
[EventCountry "ESP"]
[Source "lmi"]
[SourceDate "2014.09.21"]

1. e4 e5 2. Nf3 Nc6 3. Bb5 a6 4. Ba4 Nf6 5. O-O Nxe4 6. d4 b5 7. Bb3 d5 8. dxe5
Be6 9. c3 Bc5 10. Nbd2 O-O 11. Bc2 Nxf2 12. Rxf2 f6 13. Nb3 Bxf2+ 14. Kxf2 fxe5
15. Kg1 Bg4 16. h3 Bxf3 17. gxf3 Qh4 18. Qxd5+ Kh8 19. Kg2 Rf6 20. Qd7 Rd8 21.
Qg4 Qe1 22. Qg3 Qe2+ 23. Qf2 Qxf2+ 24. Kxf2 h6 25. Be3 Ne7 26. Rd1 Rxd1 27.
Bxd1 Nf5 28. Nc5 Nd6 29. Bc2 Nc4 30. Bc1 Rc6 31. Ne4 g5 32. b3 Nd6 33. Bd2 Kg7
34. Ng3 Nf7 35. Nf5+ Kf6 36. Be4 Rb6 37. Ne3 Rd6 38. Nd5+ Kg7 39. Ke2 Rd7 40.
Nb4 Rd6 41. Be3 Nd8 42. Bc5 Re6 43. Nd5 c6 44. Nc7 Rf6 45. Ne8+ 1-0